| 000 | 01280cam a22003014a 4500 | ||
|---|---|---|---|
| 999 |
_c233283 _d233283 |
||
| 001 | 12003391 | ||
| 003 | Nust | ||
| 005 | 20170306124056.0 | ||
| 008 | 000510s2001 nyua b 001 0 eng | ||
| 010 | _a 00034971 | ||
| 020 | _a0534574742 | ||
| 040 |
_aDLC _cDLC _dDLC |
||
| 042 | _apcc | ||
| 050 | 0 | 0 |
_aH62 _b.B2 2001 |
| 082 | 0 | 0 |
_a300/.7/2 _221 |
| 100 | 1 | _aBabbie, Earl R. | |
| 245 | 1 | 4 |
_aThe practice of social research / _cEarl Babbie. |
| 250 | _a9th ed. | ||
| 260 |
_aBelmont, CA : _bWadsworth Thomson Learning, _cc2001. |
||
| 300 |
_a1 v. (various pagings) : _bill. ; _c24 cm. |
||
| 504 | _aIncludes bibliographical references (p. B1-B11) and index. | ||
| 650 | 0 |
_aSocial sciences _xResearch. |
|
| 650 | 0 |
_aSocial sciences _xMethodology. |
|
| 856 | 4 | 2 |
_3Contributor biographical information _uhttp://www.loc.gov/catdir/enhancements/fy1515/00034971-b.html |
| 856 | 4 | 2 |
_3Publisher description _uhttp://www.loc.gov/catdir/enhancements/fy1515/00034971-d.html |
| 856 | 4 | 1 |
_3Table of contents only _uhttp://www.loc.gov/catdir/enhancements/fy1515/00034971-t.html |
| 906 |
_a7 _bcbc _corignew _d1 _eocip _f20 _gy-gencatlg |
||
| 942 |
_2ddc _cBK |
||